| 000 | 00900nas a2200313 4500 | ||
|---|---|---|---|
| 001 | BR0906087 | ||
| 003 | BR-BrBNA | ||
| 005 | 20231205113505.0 | ||
| 007 | ta | ||
| 008 | 230509b bl.|||p| |||| 00| 00por d | ||
| 040 |
_aBR-BrBNA _bpor _cBiblioteca Nacional de Agricultura |
||
| 041 | _a(Pt) | ||
| 072 | _aH60 | ||
| 100 | 1 | _aRodrigues, I.M.C. | |
| 100 | 1 | _aSouza Filho, A.P.S. | |
| 100 | 1 | _aFerreira, F.A. | |
| 100 | 1 | _aIlkiu-Borges, F. | |
| 100 | 1 | _aGurgel, E.S.C. | |
| 245 | 1 | _aAnatomia e histoquímica das folhas de Senna alata | |
| 650 | _aCASSIA | ||
| 650 | _aIPE FALSO | ||
| 650 | _aFOLHA | ||
| 650 | _aALELOPATIA | ||
| 650 | _aCOMPOSTO FENOLICO | ||
| 773 | 0 |
_tPlanta Daninha (Brazil) _xISSN 0100-8358 _g(Jul-Sep 2009), v. 27(3) p. 515-526 _wBR0906087 |
|
| 856 | 4 | 0 | _uhttp://www.aprh.pt/rgci-155_Borges.pdf |
| 909 |
_a202311 _bLúcia _c55 _dLúcia Elande |
||
| 942 |
_2AGRIS _n0 _cANA |
||
| 999 |
_c204059 _d204059 |
||